Gigi

Gorde:
Xehetasun bibliografikoak
Egile nagusia: Colette, Sidonie Gabrielle (Egilea)
Formatua: Liburua
Hizkuntza:gaztelania
Argitaratua: Buenos Aires Sur 1955
Edizioa:3a. ed
Gaiak:
Etiketak: Etiketa erantsi
Etiketarik gabe, Izan zaitez lehena erregistro honi etiketa jartzen!

MARC

LEADER 00000cam a2200000 a 4500
001 UCF8500
003 CL-VaPUC
008 130829e19550000ag |||||||||||||||||spa|d
082 0 4 |a 842  |b COL  |2 21 
100 0 |a Colette, Sidonie Gabrielle  |e author  |9 570593 
245 1 0 |a Gigi 
250 |a 3a. ed 
300 |a 156 p 
942 |c BK 
945 |d 20130829 16:45:00  |a dcastane 
260 |a Buenos Aires  |b Sur  |c 1955 
650 7 |a DRAMAS FRANCESES  |2 CL-VaPUC  |9 267189 
650 0 |a Teatro francés  |9 265089 
650 0 |a Literatura francesa  |9 266330 
583 |a last modification  |c 20130829 16:45:00  |k Rodrigo Vera 
999 |c 353071  |d 353069